书目信息 |
| 题名: |
外国档案管理学
|
|
| 作者: | 黄霄羽 主编 | |
| 分册: | ||
| 出版信息: | 北京 中国人民大学出版社 2017 |
|
| 页数: | 442页 | |
| 开本: | 26cm | |
| 丛书名: | ||
| 单 册: | ||
| 中图分类: | G279.1 | |
| 科图分类: | ||
| 主题词: | 档案管理--国外--高等教育--教材 | |
| 电子资源: | ||
| ISBN: | 978-7-300-23704-6 | |
| 000 | 01053nam0 2200253 450 | |
| 001 | 7020 | |
| 005 | 20180605154125.14 | |
| 010 | @a978-7-300-23704-6@dCNY49.80 | |
| 100 | @a20170215d2017 em y0chiy50 ea | |
| 101 | 0 | @achi |
| 102 | @aCN@b110000 | |
| 105 | @ay z 000yy | |
| 200 | 1 | @a外国档案管理学@9wai guo dang an guan li xue@dForeign archives management@f黄霄羽主编@zeng |
| 205 | @a2版 | |
| 210 | @a北京@c中国人民大学出版社@d2017 | |
| 215 | @a442页@d26cm | |
| 300 | @a普通高等教育“十一五”国家级规划教材 新编21世纪档案学系列教材 | |
| 330 | @a本书将外国档案管理学分为管理对象、管理理论、管理流程、管理机制、管理学史和国际档案合作六大部分,框架结构体系完整且逻辑严密。还增加了外国电子文件管理的丰富内容,展示了外国电子文件及其归档、鉴定、整理、著录的特点,补充了外国数字档案馆和电子文件管理法规的新进展。 | |
| 510 | 1 | @aForeign archives management@zeng |
| 606 | 0 | @a档案管理@x国外@x高等教育@j教材 |
| 690 | @aG279.1@v5 | |
| 701 | 0 | @a黄霄羽@9huang xiao yu@f(1970-)@4主编 |
| 801 | 0 | @aCN@b91MARC@c20170215 |
| 905 | @aMuseLib@dG279.1@e92=2 | |
| 外国档案管理学=Foreign archives management/黄霄羽主编.-2版.-北京:中国人民大学出版社,2017 |
| 442页;26cm |
| 普通高等教育“十一五”国家级规划教材 新编21世纪档案学系列教材 |
| ISBN 978-7-300-23704-6:CNY49.80 |
| 本书将外国档案管理学分为管理对象、管理理论、管理流程、管理机制、管理学史和国际档案合作六大部分,框架结构体系完整且逻辑严密。还增加了外国电子文件管理的丰富内容,展示了外国电子文件及其归档、鉴定、整理、著录的特点,补充了外国数字档案馆和电子文件管理法规的新进展。 |
| ● |
| 相关链接 |
|
|
|
|
正题名:外国档案管理学
索取号:G279.1/92=2
 
预约/预借
| 序号 | 登录号 | 条形码 | 馆藏地/架位号 | 状态 | 备注 |
| 1 | 1116145 | 211161455 | 第一样本阅览室/ [索取号:G279.1/92=2] | 在馆 | |
| 2 | 1116146 | 211161464 | 教育系资料室/ [索取号:G279.1/92=2] | 在馆 | |
| 3 | 1116147 | 211161473 | 教育系资料室/ [索取号:G279.1/92=2] | 在馆 | |
| 4 | 1116148 | 211161482 | 第四借阅区/ [索取号:G279.1/92=2] | 在馆 |